Quizz Pop-Culture (Facile) - Statistiques

Statistiques générales
  • Ce quiz a été pris 1 113 fois
  • Le résultat moyen est 5 sur 9
Statistiques - réponses
Hint Réponse % Correct
Quel est la véritable identité de Spider-Man Peter Parker
94%
Combien de Dragon Ball doit-on avoir pour invoquer Shenron ? 7
81%
Quel est l'acteur qui joue Captain America dans le MCU ? Chris Evans
57%
Quelle est l'émission qui a fait connaître Antoine Daniel ? What The Cut
50%
Quel est le duo iconique qui créée les sketchs Very Bad Blagues ? Palmashow
47%
Quelle est la licence qui a vendu le plus de borne d'arcade ? Pacman
36%
Comment s’appelle le créateur original de Minecraft Notch
32%
Comment s’appelle le grand-père de Monkey D. Luffy Monkey D.Garp
31%
Quelle est la génération de Pokémon Noir et Blanc 5e
25%
Aucun quiz correspondant
Distribution des résultats
% des personnes avec chaque résultat
Percentile par nombre de réponses
Votre historique - résultats
Vous n’avez pas pris ce quiz